LEADER 01512nam a2200325 i 4500 001 000000185335 003 CaOOAMICUS 005 20151002000000.0 008 151002s1965 it u000 u fre u 013 $a163336 040 $aSeMil$bita 100 0 $aIoannes Paulus II,$c.$0(OLS)http://semarc/name/646 245 10$aAmour et responsabilité :$bétude de morale sexuelle /$cMgr Karol Wojtyla ; traduit du polonais par Thérèse Sas ; revu par Marie-Andrée Bouchaud-Kalinowska ; préface de Henri de Lubac. 260 $aParis :$bLes Éditions Internationales,$c1965. 300 $a285 p. ;$c20 cm. 500 $aFondo card. Giovanni Colombo. 650 4$aMorale sessuale.$0(OLS)http://semarc/subject/3413 650 4$aGiovanni Paolo II - Morale.$0(OLS)http://semarc/subject/29238 700 1 $aLubac, Henri : de,$c.$0(OLS)http://semarc/name/49 700 1 $aSas, Thérèse.$0(OLS)http://semarc/name/68096 850 $aSeMil 852 $aSeMil$W1$xVenegono$y1$m3GC III 325$j136026$B136026$CSeMilBibl$Z2$F147588 $8B 900 1 $aWojtyla, Karol,$d<1920-2005>. 900 0 $aGiovanni Paolo II$c. 941 1 $a3 961 $aLascito: Colombo Card. Giovanni 996 $6245$aAmour et responsabilité :$bétude de morale sexuelle$9(OLS)http://semarc/title/266297 996 $6260$aParis :$bLes Éditions Internationales$9(OLS)http://semarc/publisher/49846 LEADER 01228nam a2200241 i 4500 001 000000054191 003 CaOOAMICUS 005 20141010000000.0 008 141010s1954 xx u000 u fre u 013 $a25363 040 $aSeMil$bita 100 1 $aGrondin, Eligio.$0(OLS)http://semarc/name/26927 245 14$aLes causes de nullité du mariage entre infidèles :$bdissertatio ad lauream in facultate juris canonici Pontificiae Universitatis Gregorianae /$cauctore Eligio Grondin. 260 $aTabora :$b[s.n.],$c1954. 300 $aXII, 150 p. ;$c24 cm. 500 $aIn testa al front : Pontificia Universitas Gregoriana. 650 4$aMatrimonio canonico - Annullamento.$0(OLS)http://semarc/subject/10815 650 4$aTesi di laurea.$0(OLS)http://semarc/subject/1690 710 2 $aPontificia Università Gregoriana .$0(OLS)http://semarc/name/5 850 $aSeMil 852 $aSeMil$W1$xVenegono$y1$m2I I 381$j20345$B20345$CSeMilBibl$Z2$F20347 $81 996 $6245$aLes causes de nullité du mariage entre infidèles :$bdissertatio ad lauream in facultate juris canonici Pontificiae Universitatis Gregorianae$9(OLS)http://semarc/title/83816 996 $6260$aTabora :$b[s.n.]$9(OLS)http://semarc/publisher/41726